ILLIT - Member Picture Quiz - Statistics

General Stats
  • This quiz has been taken 134 times
  • The average score is 5 of 5
Answer Stats
Picture Answer % Correct
Wonhee
99%
Minju
97%
Moka
97%
Iroha
96%
Yunah
95%
No matching quizzes found
Score Distribution
Percent of People with Each Score
Percentile by Number Answered
Your Score History
You have not taken this quiz